000 00637nam a2200181Ia 4500
008 090122s9999 xx 000 0 und d
082 _b14009
_a891.468
100 _aतुस्कानो
_bजोसेफ
245 _aवामनाचे पाचवे पाऊल
260 _bअनघा
_c2007
300 _a152
501 _a028 - 26/12/2008 अनघा प्रकाशन ठाणे
600 _aतुस्कानो
630 _aवामनाचे पाचवे पाऊल
700 _aतुस्कानो
730 _aवामनाचे पाचवे पाऊल
942 _cBOOK
999 _c38086
_d38086